Library Banner

Churchill's pocketbooks clinical dentistry / (Record no. 139967)

MARC details
000 -LEADER
fixed length control field 00430nam a22001577a 4500
005 - DATE AND TIME OF LATEST TRANSACTION
control field 20260305094258.0
008 - FIXED-LENGTH DATA ELEMENTS--GENERAL INFORMATION
fixed length control field 260305b |||||||| |||| 00| 0 eng d
020 ## - INTERNATIONAL STANDARD BOOK NUMBER
International Standard Book Number 9780702051494 (pbk)
040 ## - CATALOGING SOURCE
Transcribing agency PK-LaUMT
082 ## - DEWEY DECIMAL CLASSIFICATION NUMBER
Classification number 617.6023
Item number CHU-
245 ## - TITLE STATEMENT
Title Churchill's pocketbooks clinical dentistry /
Statement of responsibility, etc edited by Crispian Scully
250 ## - EDITION STATEMENT
Edition statement 4th ed.
260 ## - PUBLICATION, DISTRIBUTION, ETC. (IMPRINT)
Place of publication, distribution, etc Edinburgh :
Name of publisher, distributor, etc Elsevier,
Date of publication, distribution, etc 2016
300 ## - PHYSICAL DESCRIPTION
Extent 696 p.
942 ## - ADDED ENTRY ELEMENTS (KOHA)
Koha item type Books
Holdings
Withdrawn status Lost status Damaged status Home library Current library Date acquired Full call number Barcode Date last seen Price effective from Koha item type Copy number
      UMT Health Sciences Campus UMT Health Sciences Campus 2026-03-05 617.6023 CHU- 152175 2026-03-05 2026-03-05 Books  
      UMT Health Sciences Campus UMT Health Sciences Campus 2026-03-05 617.6023 CHU- 152176 2026-03-05 2026-03-05 Books C.2
      UMT Health Sciences Campus UMT Health Sciences Campus 2026-03-05 617.6023 CHU- 152177 2026-03-05 2026-03-05 Books C.3
      UMT Health Sciences Campus UMT Health Sciences Campus 2026-03-05 617.6023 CHU- 152178 2026-03-05 2026-03-05 Books C.4
      UMT Health Sciences Campus UMT Health Sciences Campus 2026-03-05 617.6023 CHU- 152179 2026-03-05 2026-03-05 Books C.5